छिटके हुए लोग/ (Record no. 199794)

MARC details
000 -LEADER
fixed length control field 00858nam a22001937a 4500
005 - DATE AND TIME OF LATEST TRANSACTION
control field 20231222151204.0
010 ## - LCCN (DPL NO)
LC control number HIN-126609
020 ## - INTERNATIONAL STANDARD BOOK NUMBER
International Standard Book Number 9789391189440
Terms of availability 250.00
035 ## - SYSTEM CONTROL NUMBER
System control number HN-98955
037 ## - SOURCE OF ACQUISITION
Source of stock number/acquisition DBAD/PUB
082 ## - DEWEY DECIMAL CLASSIFICATION NUMBER
Classification number
100 ## - MAIN ENTRY--PERSONAL NAME
Personal name गोयल,शशि
245 ## - TITLE STATEMENT
Title छिटके हुए लोग/
Statement of responsibility, etc शशि गोयल
260 ## - PUBLICATION, DISTRIBUTION, ETC. (IMPRINT)
Place of publication, distribution, etc उत्तर प्रदेश
Name of publisher, distributor, etc वनिका पब्लिकेशन्स
Date of publication, distribution, etc 2022
270 ## - ADDRESS
Address एन ए -168 गली न -6 विष्णु गार्डन
City नई दिल्ली
Postal code 110018
270 ## - ADDRESS
Address सरल कुटीर आर्य नगर नई बस्ती बिजनौर
City उत्तर प्रदेश
Postal code 246701
300 ## - PHYSICAL DESCRIPTION
Extent 144 पृष्ठ;
Dimensions 21 सेमी(अजिल्द)
942 ## - ADDED ENTRY ELEMENTS (KOHA)
Item type Hindi Books
Source of classification or shelving scheme Dewey Decimal Classification
Classification part
Call number suffix गोयल
Holdings
Withdrawn status Lost status Not for loan Collection code Home library Current library Date acquired Source of acquisition Cost, normal purchase price Full call number Barcode Cost, replacement price Koha item type
      Fiction Ashok Vihar Ashok Vihar 22/12/2023 DBAD/PUB 250.00 उ गोयल HN-98955 250.00 Hindi Books

© Delhi Public Library
Hit Counter
free hit counter